header

Tourism, ethnicity, and the state in Asian and Pacific societies (Record no. 27903)

MARC details
000 -LEADER
fixed length control field 01338nam a2200325 a 4500
082 04 - DEWEY DECIMAL CLASSIFICATION NUMBER
Classification number 338.4/791504429
245 00 - TITLE STATEMENT
Title Tourism, ethnicity, and the state in Asian and Pacific societies
260 ## - PUBLICATION, DISTRIBUTION, ETC. (IMPRINT)
Place of publication Honolulu, Hawaii :
Name of publisher University of Hawai'i Press,
Year of publication c1997.
300 ## - PHYSICAL DESCRIPTION
Number of Pages xi, 259 p. :
Other physical details ill., maps.
650 #0 - SUBJECT ADDED ENTRY--TOPICAL TERM
Topical Term Tourism
Topical Term Tourism
700 1# - ADDED ENTRY--PERSONAL NAME
Personal name Picard, Michel,
Personal name Wood, Robert Everett,
856 40 - ELECTRONIC LOCATION AND ACCESS
Uniform Resource Identifier http://site.ebrary.com/lib/rucke/Doc?id=10015581

No items available.

© 2026 Rongo University
Contact us: librarian | system librarian | Rongo university